| 000 | 00400nam a2200157Ia 4500 | ||
|---|---|---|---|
| 003 | GCL | ||
| 008 | 140319s9999 xx 000 0 eng d | ||
| 040 |
_aGCL / _cGCL |
||
| 082 | 0 | 4 |
_a631.4'1 _bT P |
| 100 | 1 | _aTAN, KIM H. | |
| 245 | 1 | 0 |
_aPrinciples of Soil Chemistry / _cTAN, KIM H. |
| 260 |
_a[S.N] : _bMARCEL DEKKER, INC ، _c1992 |
||
| 300 | _a362 | ||
| 650 | 0 | 4 | _aSOIL CHEMISTRY |
| 942 |
_2ddc _cBK |
||
| 999 |
_c16511 _d16511 |
||